000 00603nam a2200229Ia 4500
003 OSt
005 20220928143253.0
006 a|||||r|||| 00| 0
007 ta
008 220927b |||||||| |||| 00| 0 eng d
024 _a21514
037 _cTextual
040 _aSDCL
_cSDCL
_beng
041 _2eng
_aeng
082 _aP:4, L7
100 _aFodor Janet Dean
_9504976
245 0 _aSemantics
_b Theories of meaning in generative grammar.
260 _c1977
490 _aLanguage & thought series.
942 _hP:4, L7
_cTEXL
_2CC
999 _c823553
_d823553